Význam hodnoty značky pri získavaní konkurenčnej výhody

Vybudovanie a následné samotné riadenie značky je veľmi mladou disciplínou, ktorá sa na Slovensku stále rozvíja. Marketingové aktivity uskutočňované v oblasti riadenia značky. Marketingové chápanie značky. Hodnota značky. Dva prístupy na meranie hodnoty značky. Paramída hodnoty značky. Najsilnejši...

Descrizione completa

Salvato in:
Dettagli Bibliografici
Autore principale: Molnárová, Dagmar
Natura: Capitolo di libro
Lingua:slovacco
Soggetti:
Tags: Aggiungi Tag
Nessun Tag, puoi essere il primo ad aggiungerne!!

MARC

LEADER 00000naa$a2200000$$$4500
001 0045607
005 20231013084259.6
041 0 |a slo 
044 |a SK 
245 1 0 |a Význam hodnoty značky pri získavaní konkurenčnej výhody  |c Dagmar Molnárová 
520 |a Vybudovanie a následné samotné riadenie značky je veľmi mladou disciplínou, ktorá sa na Slovensku stále rozvíja. Marketingové aktivity uskutočňované v oblasti riadenia značky. Marketingové chápanie značky. Hodnota značky. Dva prístupy na meranie hodnoty značky. Paramída hodnoty značky. Najsilnejšie značky na svetovom trhu. 
610 2 0 |a značky výrobné 
610 2 0 |a značky výrobkov 
610 2 0 |a hodnota 
610 2 0 |a nástroje marketingové 
610 2 0 |a trh 
610 2 0 |a výhody konkurenčné 
610 2 0 |a konkurencieschopnosť 
100 1 |a Molnárová, Dagmar